Ibn ʻArabi : (Record no. 4060)
[ view plain ]
| 000 -LEADER | |
|---|---|
| fixed length control field | 00957cam a2200325 a 4500 |
| 001 - CONTROL NUMBER | |
| control field | 5520375 |
| 003 - CONTROL NUMBER IDENTIFIER | |
| control field | Nust |
| 005 - DATE AND TIME OF LATEST TRANSACTION | |
| control field | 20171108155059.0 |
| 008 - FIXED-LENGTH DATA ELEMENTS--GENERAL INFORMATION | |
| fixed length control field | 041005s2005 enka e b 001 0beng |
| 015 ## - NATIONAL BIBLIOGRAPHY NUMBER | |
| National bibliography number | GBA512142 |
| Source | bnb |
| 016 7# - NATIONAL BIBLIOGRAPHIC AGENCY CONTROL NUMBER | |
| Record control number | 013106799 |
| Source | Uk |
| 020 ## - INTERNATIONAL STANDARD BOOK NUMBER | |
| International Standard Book Number | 9695191304 (hbk.) |
| 035 ## - SYSTEM CONTROL NUMBER | |
| System control number | (OCoLC)ocm57638494 |
| 035 ## - SYSTEM CONTROL NUMBER | |
| System control number | (NNC)5520375 |
| 040 ## - CATALOGING SOURCE | |
| Original cataloging agency | UKM |
| Transcribing agency | UKM |
| Modifying agency | BAKER |
| -- | BWKUK |
| 050 #4 - LIBRARY OF CONGRESS CALL NUMBER | |
| Classification number | BP80.I2 |
| Item number | C474 2005 |
| 082 04 - DEWEY DECIMAL CLASSIFICATION NUMBER | |
| Classification number | 297.4092 |
| Author Mark | CHI |
| 100 1# - MAIN ENTRY--PERSONAL NAME | |
| Personal name | Chittick, William C. |
| 9 (RLIN) | 175 |
| 245 10 - TITLE STATEMENT | |
| Title | Ibn ʻArabi : |
| Remainder of title | heir to the prophets / |
| Statement of responsibility, etc. | William C. Chittick. |
| 260 ## - PUBLICATION, DISTRIBUTION, ETC. | |
| Place of publication, distribution, etc. | Oxford : |
| Name of publisher, distributor, etc. | Oneworld, |
| Date of publication, distribution, etc. | 2005. |
| 300 ## - PHYSICAL DESCRIPTION | |
| Extent | vii, 152 p. ; |
| Dimensions | 23 cm. |
| 490 1# - SERIES STATEMENT | |
| Series statement | Makers of the Muslim world |
| 504 ## - BIBLIOGRAPHY, ETC. NOTE | |
| Bibliography, etc. note | Includes bibliographical references (p. 145-146) and index. |
| 600 00 - SUBJECT ADDED ENTRY--PERSONAL NAME | |
| Personal name | Ibn al-ʻArabī, |
| Dates associated with a name | 1165-1240. |
| 9 (RLIN) | 6151 |
| 650 #0 - SUBJECT ADDED ENTRY--TOPICAL TERM | |
| Topical term or geographic name entry element | Sufis |
| Form subdivision | Biography. |
| 9 (RLIN) | 6176 |
| 830 #0 - SERIES ADDED ENTRY--UNIFORM TITLE | |
| Uniform title | Makers of the Muslim world. |
| 9 (RLIN) | 6177 |
| 942 ## - ADDED ENTRY ELEMENTS (KOHA) | |
| Source of classification or shelving scheme | |
| Koha item type | Book |
| 948 1# - LOCAL PROCESSING INFORMATION (OCLC); SERIES PART DESIGNATOR (RLIN) | |
| Series part designator, SPT (RLIN) | 20060120 |
| b (OCLC) | c |
| c (OCLC) | ks26 |
| d (OCLC) | MPS |
| Withdrawn status | Lost status | Source of classification or shelving scheme | Damaged status | Not for loan | Collection code | Permanent Location | Current Location | Shelving location | Date acquired | Total Checkouts | Total Renewals | Full call number | Barcode | Date last seen | Date last checked out | Copy number | Price effective from | Koha item type |
|---|---|---|---|---|---|---|---|---|---|---|---|---|---|---|---|---|---|---|
| Central Library (CL) | Central Library (CL) | First Floor - Islam | 12/16/2016 | 4 | 2 | 297.4092 CHI | CL2436 | 04/14/2026 | 01/29/2026 | 1 | 12/16/2016 | Book |
